Countries Whose Capitals Start With Letter L - Statistics

General Stats
  • This quiz has been taken 115 times
  • The average score is 9 of 11
Answer Stats
Capital Country % Correct
London United Kingdom
96%
Lima Peru
95%
Lisbon Portugal
93%
Luxembourg Luxembourg
92%
La Paz Bolivia
90%
Ljubljana Slovenia
88%
Luanda Angola
84%
Lusaka Zambia
79%
Lilongwe Malawi
77%
Libreville Gabon
73%
Lome Togo
71%
No matching quizzes found
Score Distribution
Percent of People with Each Score
Percentile by Number Answered
Your Score History
You have not taken this quiz